[Event "2016 Redpath Mining Millionaire Chess Open"]
[Site "Venue: Old Ed’s Sports Complex, Houghton, Johannesburg"]
[Date "2016.07.16"]
[Round "6"]
[Board "8"]
[White "Longano, Michael Nicholas"]
[Black "Musekiwa, Michael"]
[Result "1-0"]
[WhiteElo "2042"]
[BlackElo "1880"]
[PlyCount "0"]
[EventDate "2016.07.13"]
[EventRounds "9"]
[EventCountry "RSA"]

1. b3 Nf6 2. Bb2 g6 3. g3 Bg7 4. Bg2 O-O 5. Nf3 d5 6. c4 dxc4 7. bxc4 c6 8. O-O
Bg4 9. d3 Nbd7 10. Nbd2 Qc7 11. h3 Bxf3 12. Nxf3 Rfe8 13. a4 e5 14. Nd2 Rad8
{[%clk 1:17:32]} 15. Qc2 Nc5 {[%clk 1:17:32]} 16. Ba3 Ne6 17. Rfb1 Nd4 18. Qd1
Nf5 19. Qb3 b6 20. a5 Rb8 21. axb6 Rxb6 22. Qd1 Reb8 23. Bc5 Rxb1 24. Rxb1 Rxb1
25. Qxb1 Nd7 26. Ba3 Nd4 27. Kf1 Qa5 28. Bb4 Qb6 29. Bc3 Qc7 30. Qa1 c5 31. Qa5
Qb8 32. Bd5 Qb6 33. e3 Nc2 34. Ke2 Nb4 35. Qxb6 Nxb6 36. Bb7 Na4 37. Ba1 e4 38.
d4 Nc2 39. Bc6 cxd4 40. Bxa4 Nxa1 41. exd4 Bxd4 42. Nxe4 Kf8 43. Kd3 Bg7 44. c5
Ke7 45. c6 Be5 46. f4 Bc7 47. Kc3 f5 48. Ng5 h6 49. Nf3 g5 50. fxg5 hxg5 51. g4
fxg4 52. hxg4 Kd6 53. Kb2 Kc5 54. Kxa1 Kb4 55. Bc2 a5 56. Nxg5 a4 57. Ne6 1-0

[Event "2016 Redpath Mining Millionaire Chess Open"]
[Site "Venue: Old Ed’s Sports Complex, Houghton, Johannesburg"]
[Date "2016.07.16"]
[Round "6"]
[Board "9"]
[White "Akande, Tunde"]
[Black "Mbedza, Richard"]
[Result "0-1"]
[WhiteElo "1726"]
[BlackElo "1947"]
[PlyCount "0"]
[EventDate "2016.07.13"]
[EventRounds "9"]
[EventCountry "RSA"]

1. d4 {[%clk 1:11:42]} d5 {[%clk 1:29:54]} 2. c4 {[%clk 1:12:01]} e6
{[%clk 1:30:05]} 3. Nf3 {[%clk 1:12:18]} Nf6 {[%clk 1:30:14]} 4. g3
{[%clk 1:12:37]} Be7 {[%clk 1:29:01]} 5. Bg2 {[%clk 1:12:50]} Nbd7
{[%clk 1:28:50]} 6. Qc2 {[%clk 1:12:51]} O-O {[%clk 1:28:29]} 7. O-O
{[%clk 1:13:11]} c5 {[%clk 1:25:44]} 8. cxd5 {[%clk 1:12:36]} Nxd5
{[%clk 1:25:05]} 9. a3 Qb6 10. e4 N5f6 11. dxc5 Nxc5 12. e5 Nb3 13. Ra2 Nd5 14.
Nbd2 Nxc1 15. Rxc1 Bd7 16. Nc4 Qa6 17. Qd2 Rac8 18. Ne3 Bb4 19. Qd1 Nxe3 20. fxe3
Ba4 21. Qf1 Bb5 22. Rxc8 Bxf1 23. Rxf8+ Bxf8 24. Bxf1 Qc6 25. Nd4 Qe4 26. Kf2 Bc5
27. b4 Bxd4 28. exd4 Qxd4+ 29. Ke1 Qxe5+ 30. Kd1 g5 31. b5 Qd4+ 32. Rd2 Qa1+ 33.
Ke2 Qxa3 34. Ke1 a6 35. bxa6 bxa6 36. Rd8+ Kg7 37. Ra8 Qb4+ 0-1

[Event "2016 Redpath Mining Millionaire Chess Open"]
[Site "Venue: Old Ed’s Sports Complex, Houghton, Johannesburg"]
[Date "2016.07.16"]
[Round "6"]
[Board "10"]
[White "Marais, Daniel"]
[Black "Tembo, Epah"]
[Result "1-0"]
[WhiteElo "1771"]
[BlackElo "1919"]
[PlyCount "0"]
[EventDate "2016.07.13"]
[EventRounds "9"]
[EventCountry "RSA"]

1. e4 {[%clk 1:30:53]} e6 {[%clk 1:28:55]} 2. d4 d5 {[%clk 1:28:13]} 3. Nd2
{[%clk 1:31:24]} Nf6 {[%clk 1:28:32]} 4. e5 {[%clk 1:31:49]} Nfd7
{[%clk 1:28:58]} 5. Bd3 {[%clk 1:32:11]} c5 {[%clk 1:29:22]} 6. c3
{[%clk 1:32:38]} Nc6 {[%clk 1:29:41]} 7. Ne2 {[%clk 1:33:04]} Be7
{[%clk 1:20:32]} 8. O-O {[%clk 1:32:59]} b6 {[%clk 1:01:56]} 9. Nf3
{[%clk 1:25:55]} Bb7 {[%clk 1:01:27]} 10. Nf4 {[%clk 1:25:16]} Qc7
{[%clk 0:57:10]} 11. a3 {[%clk 1:22:32]} g6 {[%clk 0:56:59]} 12. h4
{[%clk 1:21:59]} O-O-O {[%clk 0:54:39]} 13. b4 {[%clk 1:22:07]} c4
{[%clk 0:55:01]} 14. Bc2 {[%clk 1:20:04]} Rdg8 {[%clk 0:55:07]} 15. Ng5
{[%clk 1:17:54]} Nd8 {[%clk 0:52:31]} 16. Qg4 {[%clk 1:14:19]} Nf8
{[%clk 0:49:14]} 17. Ba4 {[%clk 1:11:20]} Kb8 {[%clk 0:49:42]} 18. Be8
{[%clk 1:11:02]} Bxg5 {[%clk 0:49:19]} 19. Qxg5 {[%clk 1:08:38]} h6
{[%clk 0:49:26]} 20. Qg3 {[%clk 1:07:01]} Qe7 {[%clk 0:46:42]} 21. Ba4
{[%clk 1:06:36]} Nh7 {[%clk 0:46:33]} 22. Ne2 {[%clk 1:01:09]} Nf8
{[%clk 0:46:49]} 23. Bc2 {[%clk 0:58:51]} Nc6 {[%clk 0:46:44]} 24. a4
{[%clk 0:58:33]} Ka8 {[%clk 0:44:28]} 25. Ba3 {[%clk 0:58:18]} Qd8
{[%clk 0:43:43]} 26. Qh3 {[%clk 0:52:12]} g5 {[%clk 0:40:24]} 27. h5
{[%clk 0:52:02]} Bc8 {[%clk 0:39:20]} 28. Qf3 {[%clk 0:51:48]} Qe8
{[%clk 0:33:35]} 29. g4 {[%clk 0:50:52]} Rg7 {[%clk 0:28:50]} 30. Qf6
{[%clk 0:49:06]} Rgg8 {[%clk 0:29:10]} 31. Qf3 {[%clk 0:47:50]} Nd7
{[%clk 0:29:31]} 32. Ng3 {[%clk 0:47:36]} Rg7 {[%clk 0:26:31]} 33. Rfe1
{[%clk 0:43:39]} Qd8 {[%clk 0:24:38]} 34. Ne4 {[%clk 0:42:53]} Kb8
{[%clk 0:19:33]} 35. Nf6 {[%clk 0:42:47]} Nxf6 {[%clk 0:18:59]} 36. Qxf6
{[%clk 0:43:10]} Qxf6 {[%clk 0:19:09]} 37. exf6 {[%clk 0:43:33]} Rgg8
{[%clk 0:19:38]} 38. b5 {[%clk 0:43:46]} Na5 {[%clk 0:19:45]} 39. Re3
{[%clk 0:43:35]} Kc7 {[%clk 0:20:09]} 40. Rae1 {[%clk 0:43:50]} Nb7
{[%clk 0:19:14]} 41. Kg2 {[%clk 0:42:49]} Bd7 {[%clk 0:19:18]} 42. Be7
{[%clk 0:42:48]} Nd6 {[%clk 0:19:19]} 43. Kg3 {[%clk 0:42:53]} Nc8
{[%clk 0:17:22]} 44. Ba3 {[%clk 0:42:46]} Nd6 {[%clk 0:17:38]} 45. Rf3
{[%clk 0:41:36]} Bc8 {[%clk 0:16:35]} 46. Bg6 {[%clk 0:40:26]} Rf8
{[%clk 0:15:14]} 47. Bc2 {[%clk 0:39:02]} Rd8 {[%clk 0:14:39]} 48. Rfe3
{[%clk 0:38:36]} Bd7 {[%clk 0:11:58]} 49. f4 {[%clk 0:36:19]} Rhg8
{[%clk 0:10:13]} 50. fxg5 {[%clk 0:36:26]} Rxg5 {[%clk 0:09:58]} 51. Re5
{[%clk 0:35:48]} Nf5+ {[%clk 0:07:18]} 52. Kf4 {[%clk 0:35:15]} Nh4
{[%clk 0:04:45]} 53. Rh1 {[%clk 0:34:29]} Nf5 {[%clk 0:01:49]} 54. gxf5
{[%clk 0:34:40]} Rg2 {[%clk 0:02:17]} 55. Bd1 {[%clk 0:33:25]} Rdg8
{[%clk 0:02:00]} 56. fxe6 {[%clk 0:33:25]} Bxe6 {[%clk 0:01:52]} 57. Rxe6
{[%clk 0:33:49]} fxe6 {[%clk 0:01:56]} 58. f7 1-0

[Event "2016 Redpath Mining Millionaire Chess Open"]
[Site "Venue: Old Ed’s Sports Complex, Houghton, Johannesburg"]
[Date "2016.07.16"]
[Round "6"]
[Board "11"]
[White "February, Jesse Nikki"]
[Black "Menyuku, Boitumelo Oscar"]
[Result "1-0"]
[WhiteElo "1906"]
[BlackElo "1785"]
[PlyCount "0"]
[EventDate "2016.07.13"]
[EventRounds "9"]
[EventCountry "RSA"]

1. e4 {[%clk 1:30:53]} c5 {[%clk 1:27:42]} 2. Nf3 {[%clk 1:30:56]} Nc6
{[%clk 1:27:42]} 3. Bb5 {[%clk 1:31:21]} Nd4 {[%clk 1:26:03]} 4. Bc4
{[%clk 1:20:37]} e6 {[%clk 1:20:19]} 5. c3 {[%clk 1:18:42]} Nxf3+
{[%clk 1:20:14]} 6. Qxf3 {[%clk 1:19:02]} Qf6 {[%clk 1:17:37]} 7. d3
{[%clk 1:15:07]} Qxf3 {[%clk 1:16:56]} 8. gxf3 {[%clk 1:15:31]} b6
{[%clk 1:10:28]} 9. Bf4 {[%clk 1:12:59]} Ne7 {[%clk 1:08:05]} 10. Rg1
{[%clk 1:09:25]} Ng6 {[%clk 1:06:59]} 11. Bg3 {[%clk 1:08:30]} h5
{[%clk 1:06:37]} 12. h3 {[%clk 1:06:20]} h4 {[%clk 1:05:19]} 13. Bh2
{[%clk 1:06:41]} e5 {[%clk 1:02:20]} 14. d4 {[%clk 1:03:56]} d6 {[%clk 1:02:36]}
15. dxe5 {[%clk 0:59:38]} dxe5 {[%clk 0:55:03]} 16. Rxg6 {[%clk 0:57:16]} fxg6
{[%clk 0:55:25]} 17. Bd5 {[%clk 0:57:37]} Rb8 {[%clk 0:55:45]} 18. Bxe5
{[%clk 0:58:01]} Rb7 {[%clk 0:55:59]} 19. Bxb7 {[%clk 0:57:45]} Bxb7
{[%clk 0:56:21]} 20. Kf1 {[%clk 0:57:09]} Kd7 {[%clk 0:55:37]} 21. Nd2
{[%clk 0:56:16]} Ke6 {[%clk 0:55:54]} 22. f4 {[%clk 0:52:52]} Be7
{[%clk 0:50:04]} 23. Bxg7 {[%clk 0:47:23]} Rd8 {[%clk 0:50:21]} 24. Ke2
{[%clk 0:47:30]} Bd6 {[%clk 0:42:55]} 25. Bh6 {[%clk 0:43:46]} Ba6+
{[%clk 0:42:03]} 26. c4 {[%clk 0:40:08]} Rh8 {[%clk 0:32:43]} 27. Bg5
{[%clk 0:38:55]} b5 {[%clk 0:29:14]} 28. Rc1 {[%clk 0:37:19]} bxc4
{[%clk 0:29:24]} 29. Nxc4 {[%clk 0:37:39]} Rb8 {[%clk 0:26:16]} 30. b3
{[%clk 0:37:44]} Rf8 {[%clk 0:24:53]} 31. Ke3 {[%clk 0:36:49]} Be7
{[%clk 0:20:01]} 32. Bxe7 {[%clk 0:35:39]} Kxe7 {[%clk 0:20:19]} 33. Ne5
{[%clk 0:35:46]} Rf6 {[%clk 0:17:46]} 34. Rxc5 {[%clk 0:34:22]} Bf1
{[%clk 0:17:13]} 35. Rc7+ {[%clk 0:34:33]} Kd8 {[%clk 0:17:18]} 36. Rxa7
{[%clk 0:34:03]} Bxh3 {[%clk 0:17:25]} 37. Rh7 {[%clk 0:34:06]} Ra6
{[%clk 0:17:27]} 38. Rxh4 {[%clk 0:33:58]} Be6 {[%clk 0:17:40]} 39. Rh8+
{[%clk 0:33:46]} Kc7 {[%clk 0:17:08]} 40. Re8 1-0

[Event "2016 Redpath Mining Millionaire Chess Open"]
[Site "Venue: Old Ed’s Sports Complex, Houghton, Johannesburg"]
[Date "2016.07.16"]
[Round "6"]
[Board "12"]
[White "Basson, Petrus"]
[Black "Mateus, Domingos"]
[Result "0-1"]
[WhiteElo "1679"]
[BlackElo "1877"]
[PlyCount "0"]
[EventDate "2016.07.13"]
[EventRounds "9"]
[EventCountry "RSA"]

1. e4 {[%clk 1:30:44]} e5 {[%clk 1:27:57]} 2. Nf3 {[%clk 1:30:50]} Nc6
{[%clk 1:28:26]} 3. Bb5 {[%clk 1:30:52]} d6 {[%clk 1:27:55]} 4. d4
{[%clk 1:27:54]} Bd7 {[%clk 1:27:56]} 5. Nc3 {[%clk 1:26:57]} Nf6
{[%clk 1:26:52]} 6. Bxc6 {[%clk 1:24:55]} Bxc6 {[%clk 1:27:00]} 7. Qd3
{[%clk 1:24:47]} Qe7 {[%clk 1:25:57]} 8. d5 {[%clk 1:14:18]} Bd7 {[%clk 1:25:50]}
9. Bg5 {[%clk 1:13:52]} h6 {[%clk 1:26:18]} 10. Bh4 {[%clk 1:12:17]} g5
{[%clk 1:17:43]} 11. Bg3 {[%clk 1:11:58]} Nh5 {[%clk 1:17:41]} 12. O-O-O
{[%clk 1:11:10]} Bg7 {[%clk 1:17:36]} 13. Nb5 {[%clk 1:10:51]} Bxb5
{[%clk 1:17:24]} 14. Qxb5+ {[%clk 1:11:10]} Qd7 {[%clk 1:17:52]} 15. Qxd7+
{[%clk 1:04:37]} Kxd7 {[%clk 1:17:37]} 16. Rd3 {[%clk 1:04:33]} f5
{[%clk 1:17:31]} 17. Rb3 {[%clk 1:01:30]} f4 {[%clk 1:17:57]} 18. Rxb7
{[%clk 1:01:41]} fxg3 {[%clk 1:18:21]} 19. hxg3 {[%clk 1:01:43]} Nf6
{[%clk 1:18:49]} 20. Nd2 {[%clk 0:59:59]} Rhb8 {[%clk 1:18:40]} 21. Rxb8
{[%clk 0:58:48]} Rxb8 {[%clk 1:19:09]} 22. f3 {[%clk 0:59:05]} c6
{[%clk 1:19:26]} 23. dxc6+ {[%clk 0:57:56]} Kxc6 {[%clk 1:19:54]} 24. Nc4
{[%clk 0:57:44]} Rd8 {[%clk 1:16:54]} 25. Rd1 {[%clk 0:55:09]} Nh5
{[%clk 1:17:21]} 26. g4 {[%clk 0:47:07]} Nf4 {[%clk 1:17:22]} 27. Rd2
{[%clk 0:43:57]} Rd7 {[%clk 1:16:22]} 28. g3 {[%clk 0:42:59]} Ne6
{[%clk 1:16:29]} 29. c3 {[%clk 0:41:24]} Nc5 {[%clk 1:14:56]} 30. Ne3
{[%clk 0:39:52]} Bf8 {[%clk 1:12:09]} 31. Kc2 {[%clk 0:38:12]} Rf7
{[%clk 1:10:38]} 32. Nf5 {[%clk 0:38:01]} Nd7 {[%clk 1:05:23]} 33. b4
{[%clk 0:36:29]} Nb6 {[%clk 1:02:43]} 34. Kb3 {[%clk 0:35:22]} d5
{[%clk 0:50:24]} 35. a4 {[%clk 0:34:25]} dxe4 {[%clk 0:49:56]} 36. a5
{[%clk 0:32:45]} exf3 {[%clk 0:38:20]} 37. axb6 {[%clk 0:33:06]} axb6
{[%clk 0:38:34]} 38. Kc4 {[%clk 0:29:35]} b5+ {[%clk 0:37:38]} 39. Kb3
{[%clk 0:29:20]} e4 {[%clk 0:36:09]} 40. Kc2 {[%clk 0:29:02]} Rxf5
{[%clk 0:35:26]} 41. gxf5 {[%clk 0:29:08]} e3 {[%clk 0:35:55]} 42. Rd1
{[%clk 0:24:40]} e2 {[%clk 0:36:08]} 43. Re1 {[%clk 0:24:46]} f2 {[%clk 0:36:36]}
44. Rxe2 {[%clk 0:24:54]} f1=Q {[%clk 0:37:00]} 0-1

[Event "2016 Redpath Mining Millionaire Chess Open"]
[Site "Venue: Old Ed’s Sports Complex, Houghton, Johannesburg"]
[Date "2016.07.16"]
[Round "6"]
[Board "13"]
[White "Priyanshu, Srivastava"]
[Black "Molebatsi, Teboho"]
[Result "1-0"]
[WhiteElo "1878"]
[BlackElo "1734"]
[PlyCount "0"]
[EventDate "2016.07.13"]
[EventRounds "9"]
[EventCountry "RSA"]

1. d4 {[%clk 1:30:57]} Nf6 {[%clk 1:29:01]} 2. c4 {[%clk 1:31:20]} e6
{[%clk 1:29:23]} 3. Nc3 Bb4 {[%clk 1:29:06]} 4. e3 {[%clk 1:32:09]} c5
{[%clk 1:27:44]} 5. Nf3 {[%clk 1:32:05]} Bxc3+ {[%clk 1:23:55]} 6. bxc3
{[%clk 1:32:33]} b6 {[%clk 1:24:01]} 7. Bd3 {[%clk 1:30:01]} Bb7 {[%clk 1:23:52]}
8. O-O {[%clk 1:26:18]} O-O {[%clk 1:24:14]} 9. Re1 {[%clk 1:24:04]} d5
{[%clk 1:23:32]} 10. a4 {[%clk 1:19:06]} Nbd7 {[%clk 1:06:42]} 11. Ba3
{[%clk 1:13:55]} Rc8 {[%clk 1:02:31]} 12. Nd2 {[%clk 1:09:51]} Re8
{[%clk 1:00:03]} 13. f3 {[%clk 0:50:52]} dxc4 {[%clk 0:55:59]} 14. Nxc4
{[%clk 0:48:26]} Qc7 {[%clk 0:53:48]} 15. e4 {[%clk 0:46:28]} Red8
{[%clk 0:51:06]} 16. e5 Ne8 {[%clk 0:50:13]} 17. Rc1 {[%clk 0:23:54]} a6
{[%clk 0:46:09]} 18. Ne3 {[%clk 0:07:56]} Nf8 {[%clk 0:45:19]} 19. f4
{[%clk 0:05:37]} Qd7 {[%clk 0:41:58]} 20. Bb2 {[%clk 0:03:52]} cxd4
{[%clk 0:41:27]} 21. cxd4 {[%clk 0:04:09]} Rxc1 {[%clk 0:41:28]} 22. Qxc1
{[%clk 0:04:29]} Qxa4 {[%clk 0:41:09]} 23. f5 {[%clk 0:04:39]} exf5
{[%clk 0:39:17]} 24. Nxf5 {[%clk 0:04:45]} Ng6 {[%clk 0:38:22]} 25. Qg5
{[%clk 0:04:01]} Qd7 {[%clk 0:38:26]} 26. Bc4 {[%clk 0:03:35]} Rc8
{[%clk 0:37:58]} 27. e6 {[%clk 0:03:15]} Qc6 {[%clk 0:27:47]} 28. exf7+
{[%clk 0:03:28]} Kh8 {[%clk 0:26:55]} 29. Ne7 Qxg2+ {[%clk 0:26:26]} 30. Qxg2
{[%clk 0:01:06]} Bxg2 {[%clk 0:26:47]} 31. Kxg2 {[%clk 0:01:35]} Nd6
{[%clk 0:19:43]} 32. Nxc8 {[%clk 0:02:03]} h6 {[%clk 0:19:55]} 33. Nxd6
{[%clk 0:02:26]} Nf4+ {[%clk 0:19:52]} 34. Kf3 {[%clk 0:02:47]} Ng6
{[%clk 0:20:16]} 35. Re8+ {[%clk 0:03:00]} 1-0

[Event "2016 Redpath Mining Millionaire Chess Open"]
[Site "Venue: Old Ed’s Sports Complex, Houghton, Johannesburg"]
[Date "2016.07.16"]
[Round "6"]
[Board "14"]
[White "Thabethe, Nhlanhla"]
[Black "Ndlovu, Talia"]
[Result "1-0"]
[WhiteElo "1802"]
[BlackElo "1203"]
[PlyCount "0"]
[EventDate "2016.07.13"]
[EventRounds "9"]
[EventCountry "RSA"]

1. d4 {[%clk 1:30:57]} d5 {[%clk 1:26:40]} 2. c4 {[%clk 1:28:15]} e6
{[%clk 1:26:38]} 3. Nc3 {[%clk 1:28:33]} Nf6 {[%clk 1:26:50]} 4. Nf3
{[%clk 1:28:14]} c5 {[%clk 1:24:42]} 5. e3 {[%clk 1:27:43]} Nc6 {[%clk 1:24:26]}
6. Bd3 {[%clk 1:23:55]} Bd6 {[%clk 1:21:25]} 7. O-O {[%clk 1:21:29]} O-O
{[%clk 1:18:46]} 8. a3 {[%clk 1:19:18]} a6 {[%clk 1:14:02]} 9. dxc5
{[%clk 1:05:12]} Bxc5 {[%clk 1:12:34]} 10. b4 {[%clk 1:05:16]} dxc4
{[%clk 1:09:32]} 11. Bxh7+ {[%clk 0:59:28]} Nxh7 {[%clk 1:07:26]} 12. bxc5
{[%clk 0:59:46]} Qxd1 {[%clk 1:07:33]} 13. Rxd1 {[%clk 0:59:59]} e5
{[%clk 1:07:15]} 14. Bb2 Bg4 {[%clk 1:06:59]} 15. Rac1 {[%clk 0:52:10]} Na5
{[%clk 1:06:21]} 16. Nd5 {[%clk 0:51:36]} e4 {[%clk 1:03:51]} 17. h3
{[%clk 0:51:56]} Be6 {[%clk 0:58:44]} 18. Ne5 {[%clk 0:49:55]} Bxd5
{[%clk 0:55:43]} 19. Rxd5 {[%clk 0:49:43]} Nf6 {[%clk 0:55:07]} 20. Rd6
{[%clk 0:49:19]} Rfd8 {[%clk 0:53:35]} 21. Nxc4 {[%clk 0:48:52]} Nxc4
{[%clk 0:51:27]} 22. Rxc4 {[%clk 0:46:54]} b5 {[%clk 0:49:26]} 23. Rxd8+
{[%clk 0:45:07]} Rxd8 {[%clk 0:49:37]} 24. Bxf6 {[%clk 0:45:11]} Rd1+
{[%clk 0:49:58]} 25. Kh2 {[%clk 0:45:30]} bxc4 {[%clk 0:50:25]} 26. c6
{[%clk 0:45:41]} gxf6 {[%clk 0:50:32]} 27. c7 {[%clk 0:45:50]} Kg7
{[%clk 0:49:53]} 28. c8=Q {[%clk 0:45:40]} Rc1 {[%clk 0:49:48]} 29. Qg4+
{[%clk 0:45:19]} Kf8 {[%clk 0:49:51]} 30. Qxe4 {[%clk 0:45:43]} c3
{[%clk 0:50:06]} 31. Qa8+ {[%clk 0:46:00]} Kg7 {[%clk 0:50:19]} 32. Qxa6
{[%clk 0:46:25]} c2 {[%clk 0:50:41]} 33. Qc4 {[%clk 0:46:42]} Ra1
{[%clk 0:50:49]} 34. Qxc2 {[%clk 0:46:56]} Rxa3 {[%clk 0:51:15]} 35. g4
{[%clk 0:46:57]} Ra5 {[%clk 0:51:00]} 36. Kg3 {[%clk 0:47:12]} Kh6
{[%clk 0:50:13]} 37. f4 {[%clk 0:47:31]} Ra6 {[%clk 0:49:17]} 38. Qf5
{[%clk 0:47:44]} Kg7 {[%clk 0:48:58]} 39. h4 Ra3 {[%clk 0:48:57]} 40. Kf3
{[%clk 0:48:19]} Rb3 {[%clk 0:47:18]} 41. g5 {[%clk 0:48:41]} Rb6
{[%clk 0:47:21]} 42. e4 {[%clk 0:48:38]} fxg5 {[%clk 0:46:49]} 43. hxg5
{[%clk 0:48:48]} Rb3+ {[%clk 0:47:11]} 44. Kg4 {[%clk 0:49:14]} Rb1
{[%clk 0:47:21]} 45. Qf6+ {[%clk 0:49:30]} Kg8 {[%clk 0:47:30]} 46. Kf5
{[%clk 0:49:42]} Rb5+ {[%clk 0:47:41]} 47. e5 {[%clk 0:49:58]} Rd5
{[%clk 0:47:13]} 48. Qc6 {[%clk 0:49:43]} Ra5 {[%clk 0:47:08]} 49. Kf6
{[%clk 0:49:49]} Kh7 {[%clk 0:46:06]} 50. g6+ {[%clk 0:50:02]} Kh6
{[%clk 0:46:06]} 51. Qh1# 1-0

[Event "2016 Redpath Mining Millionaire Chess Open"]
[Site "Venue: Old Ed’s Sports Complex, Houghton, Johannesburg"]
[Date "2016.07.16"]
[Round "6"]
[Board "15"]
[White "Oberholzer, Imarie"]
[Black "Avelino, Fernandes"]
[Result "0-1"]
[WhiteElo "1504"]
[BlackElo "2013"]
[PlyCount "0"]
[EventDate "2016.07.13"]
[EventRounds "9"]
[EventCountry "RSA"]

1. e4 d6 2. Nc3 e6 3. Nf3 Nf6 4. d4 d5 5. e5 Nfd7 6. Bd3 c5 7. dxc5 Bxc5 8. O-O
Nc6 9. Bf4 a6 10. Rb1 b5 11. a3 Bb6 12. b4 Bb7 13. Ne2 Bc7 14. Ned4 Nxd4 15. Nxd4
Bxe5 16. Bxe5 Nxe5 17. Re1 Qf6 18. Qe2 Nc4 19. Bxc4 Qxd4 20. Bxb5+ Ke7 21. Bd3 g6
22. Qe3 Qxe3 23. Rxe3 Rhc8 24. a4 Rc3 25. b5 a5 26. Ra1 Rac8 27. h3 Kd6 28. Ree1
e5 29. f3 f5 30. Red1 Ke6 31. Re1 e4 32. fxe4 fxe4 33. Be2 Ke5 34. Bd1 d4 35. Kf1
Rf8+ 36. Kg1 Bd5 37. Rf1 Rfc8 38. Rf2 e3 39. Re2 Be4 40. Ra2 h5 41. b6 R8c4 42.
Rb2 Rb4 43. Rxb4 axb4 44. a5 Ra3 45. h4 Rxa5 46. Re1 Rb5 47. Bf3 Rxb6 48. Bxe4
Kxe4 49. Kf1 b3 50. cxb3 Rxb3 51. Rd1 Rb2 52. Ke1 Rxg2 0-1

[Event "2016 Redpath Mining Millionaire Chess Open"]
[Site "Venue: Old Ed’s Sports Complex, Houghton, Johannesburg"]
[Date "2016.07.16"]
[Round "6"]
[Board "16"]
[White "Dykema, Dirkho"]
[Black "Jurgens, John C."]
[Result "1/2-1/2"]
[WhiteElo "1425"]
[BlackElo "1714"]
[PlyCount "0"]
[EventDate "2016.07.13"]
[EventRounds "9"]
[EventCountry "RSA"]

1. d4 {[%clk 1:30:00]} Nf6 {[%clk 1:30:51]} 2. c4 {[%clk 1:30:25]} e6
{[%clk 1:31:13]} 3. Nf3 {[%clk 1:30:49]} b6 {[%clk 1:31:25]} 4. Bf4
{[%clk 1:29:13]} Bb7 {[%clk 1:30:47]} 5. e3 {[%clk 1:29:32]} c5 {[%clk 1:26:24]}
6. Be2 {[%clk 1:26:32]} Be7 {[%clk 1:25:35]} 7. O-O {[%clk 1:26:14]} O-O
{[%clk 1:25:57]} 8. Nc3 {[%clk 1:23:08]} d5 {[%clk 1:25:19]} 9. Ne5
{[%clk 1:18:53]} Nc6 {[%clk 1:23:21]} 10. Bf3 {[%clk 1:14:56]} Rc8
{[%clk 1:17:12]} 11. dxc5 {[%clk 1:13:36]} Nxe5 {[%clk 1:17:21]} 12. Bxe5 bxc5
{[%clk 1:14:22]} 13. Qb3 {[%clk 1:09:16]} Qb6 {[%clk 1:10:43]} 14. Rfd1
{[%clk 1:07:31]} Rfd8 {[%clk 1:06:56]} 15. Bxf6 {[%clk 1:02:28]} Bxf6
{[%clk 1:06:41]} 16. Rd2 {[%clk 1:02:19]} Bxc3 {[%clk 1:02:43]} 17. bxc3
{[%clk 1:02:12]} Rd7 {[%clk 0:59:58]} 18. Rad1 {[%clk 1:01:20]} Rcd8
{[%clk 0:57:10]} 19. h3 {[%clk 1:00:32]} h6 {[%clk 0:48:54]} 20. Qxb6
{[%clk 1:00:55]} axb6 {[%clk 0:49:16]} 21. cxd5 {[%clk 1:01:17]} Bxd5
{[%clk 0:48:52]} 22. Kf1 {[%clk 0:57:35]} Kf8 {[%clk 0:48:50]} 23. Bxd5
{[%clk 0:57:47]} Rxd5 {[%clk 0:45:52]} 24. Ke2 {[%clk 0:57:57]} Ke7
{[%clk 0:43:45]} 25. c4 {[%clk 0:57:02]} Rxd2+ {[%clk 0:43:25]} 26. Rxd2
{[%clk 0:57:28]} Ra8 {[%clk 0:43:02]} 27. Rb2 {[%clk 0:57:53]} Ra6
{[%clk 0:43:16]} 28. Kd3 {[%clk 0:58:15]} Kd6 29. Kd2 1/2-1/2

[Event "2016 Redpath Mining Millionaire Chess Open"]
[Site "Venue: Old Ed’s Sports Complex, Houghton, Johannesburg"]
[Date "2016.07.16"]
[Round "6"]
[Board "17"]
[White "Jacobs, Cavan"]
[Black "Claassen, Jean-Daniel"]
[Result "1-0"]
[WhiteElo "1697"]
[BlackElo "1436"]
[PlyCount "0"]
[EventDate "2016.07.13"]
[EventRounds "9"]
[EventCountry "RSA"]

1. e4 {[%clk 1:30:57]} c5 {[%clk 1:30:53]} 2. Nf3 {[%clk 1:31:24]} g6
{[%clk 1:31:04]} 3. d4 {[%clk 1:31:51]} cxd4 {[%clk 1:31:12]} 4. Nxd4
{[%clk 1:32:14]} Nc6 {[%clk 1:31:34]} 5. c4 {[%clk 1:32:32]} Bg7 {[%clk 1:31:50]}
6. Be3 {[%clk 1:32:58]} Nf6 {[%clk 1:30:26]} 7. Nc3 {[%clk 1:33:21]} Qa5
{[%clk 1:30:46]} 8. Nb3 {[%clk 1:31:54]} Qc7 {[%clk 1:30:32]} 9. Rc1
{[%clk 1:31:04]} O-O {[%clk 1:30:39]} 10. f3 {[%clk 1:28:54]} d6 {[%clk 1:29:53]}
11. Be2 {[%clk 1:28:28]} Bd7 {[%clk 1:30:06]} 12. O-O {[%clk 1:28:20]} Rac8
{[%clk 1:28:47]} 13. Kh1 {[%clk 1:23:23]} Be6 {[%clk 1:25:11]} 14. Nd5
{[%clk 1:22:52]} Qd7 {[%clk 1:25:11]} 15. Nd4 {[%clk 1:20:35]} Nxd4
{[%clk 1:24:33]} 16. Bxd4 {[%clk 1:20:37]} Nxd5 {[%clk 1:24:45]} 17. exd5
{[%clk 1:18:07]} Bf5 {[%clk 1:24:54]} 18. Bxg7 {[%clk 1:17:53]} Kxg7
{[%clk 1:25:11]} 19. g4 {[%clk 1:18:10]} Bxg4 {[%clk 1:25:06]} 20. fxg4
{[%clk 1:18:23]} e5 {[%clk 1:22:40]} 21. Qd3 {[%clk 1:16:53]} f5 {[%clk 1:22:30]}
22. gxf5 {[%clk 1:16:58]} gxf5 {[%clk 1:20:52]} 23. Rg1+ {[%clk 1:16:43]} Kh8
{[%clk 1:19:54]} 24. Rg5 {[%clk 1:13:42]} Rce8 {[%clk 1:19:19]} 25. Rcg1
{[%clk 1:13:06]} e4 {[%clk 1:18:01]} 26. Qc3+ {[%clk 1:11:11]} Re5
{[%clk 1:18:11]} 27. Qg3 {[%clk 1:11:04]} Qf7 {[%clk 1:17:54]} 28. Rg7
{[%clk 1:10:13]} Qe8 {[%clk 1:18:10]} 29. Rxh7+ {[%clk 1:10:17]} Kxh7
{[%clk 1:17:54]} 30. Qg7# 1-0